Normal view
MARC view
Entry Topical Term
001 - CONTROL NUMBER
- control field: 734297
003 - CONTROL NUMBER IDENTIFIER
- control field: OSt
005 - DATE AND TIME OF LATEST TRANSACTION
- control field: 20250117103626.0
008 - FIXED-LENGTH DATA ELEMENTS
- fixed length control field: 250117|| aca||aabn | a|a d
040 ## - CATALOGING SOURCE
- Original cataloging agency: OSt
- Transcribing agency: OSt
150 ## - HEADING--TOPICAL TERM
- Topical term or geographic name entry element: Pathogen biology
670 ## - SOURCE DATA FOUND
- Source citation: Work cat.: (OSt)1237915: Lucas, John A 497088, Plant pathology and plants pathogens, 2020
